000 00651nam a2200253 4500
999 _c7442
_d7442
001 7442
003 BD - JhCC
005 20180402085947.0
008 890504s1988 enk 000 1 eng d
020 _a0297792814
035 _a(BD-JhCC)7442
040 _aBD-JhCC
_dBD-JhCC
041 _aeng
082 _a823/.914
_219
_bSUT 1988
100 1 _aSutcliff, Rosemary
245 1 0 _aSimon /
_cRosemary Sutcliff,
260 _aLondon :
_bWeidenfeld & Nicolson,
_c1988
300 _a249 p. ;
_c23 cm
650 _aWorld War (1939-1945)
650 _aRaids (Military science)
650 _aMilitary campaigns
942 _2ddc
_cBK